000 00661nam a2200181Ia 4500
005 20260429112042.0
008 260429s9999||||xx |||||||||||||| ||und||
020 _a9789383931491
041 _aHindi
082 _a305.409
_bCHA
100 _aचतुवेर्दी, जगदीश्वर
245 0 _aस्त्री साहित्यैतिहास अस्मिता और आत्मकथा /
_cजगदीश्वर चतुवेर्दी
250 _arev.
260 _aदिल्ली :
_bएकैडमिक पब्लिकेशन,
_c2024.
300 _a504 p.; Hb
650 _aFeminism
942 _cTB
999 _c52099
_d52099